Online Catalogue and eLibrary

Maha kavi bharathiyar kavithaikal (Record no. 4023)

MARC details
000 -LEADER
fixed length control field 00415nam a2200145Ia 4500
005 - DATE AND TIME OF LATEST TRANSACTION
control field 20250318082752.0
008 - FIXED-LENGTH DATA ELEMENTS--GENERAL INFORMATION
fixed length control field 240331s9999 xx 000 0 und d
082 ## - DDC Classification
Item Number - Author Mark MAH
Class No. 894
100 ## - MAIN ENTRY--PERSONAL NAME
Personal name Kobalan,A.K
245 #0 - TITLE STATEMENT
Title Maha kavi bharathiyar kavithaikal
260 ## - PUBLICATION, DISTRIBUTION, ETC.
Place of publication, distribution, etc. Chennai
Name of publisher, distributor, etc. a.k. kopalan Publication
Date of publication, distribution, etc. 1990
300 ## - PHYSICAL DESCRIPTION
Extent (e.g. Volumes, Pages etc.) 393 p .,
500 ## - GENERAL NOTE
General note Bharathiyar Kavithaigal, vasana kavithaikal nirantha pathippu
942 ## - Koha item type (Biblio)
Koha item type Books in Stacks (Lending)
Holdings
Lost status Damaged status Collection code Home library Current library Shelving location Date acquired Full call number Accession Number Item type
    Lending WERC Library WERC Library Social Science Cupboard 03/31/2024 894.811 MAH 833 Books in Stacks (Lending)

© WERC Library